| 000 | 00403nam a22001337a 4500 | ||
|---|---|---|---|
| 020 | _qPB. | ||
| 040 | _cFizza Ishaq | ||
| 082 |
_a155.2 _bMIH |
||
| 100 |
_aCsikszentmihalyi, Mihaly. _910350 |
||
| 245 |
_aFlow: The Psychology Of Optimal Experience / _cMihaly Csikszentmihalyi. |
||
| 260 |
_aNew York : _b,Harper Collins Publishers _c1990. |
||
| 300 |
_a303 P, ; _c5.2 x 7.9 x .8 inches |
||
| 942 |
_2ddc _cBK |
||
| 999 |
_c616401 _d616401 |
||